| 000 | 00498nam a2200181Ia 4500 | ||
|---|---|---|---|
| 008 | 230524s9999 xx 000 0 und d | ||
| 020 | _a9788131704592 | ||
| 082 | _bANA | ||
| 100 |
_aSam Anahory _942705 |
||
| 245 | 0 | _aData Warehousing in the Real World : A Practial Guide for Building Decision Support Systems | |
| 250 | _a1 | ||
| 260 |
_aNew Delhi _bTaxman _c2012 |
||
| 300 | _a360p: | ||
| 500 | _aQuantity Number: 1 | ||
| 650 | _aComp-Sc | ||
| 700 |
_aDennis Murray _942706 |
||
| 942 | _cBK | ||
| 999 |
_c57693 _d57693 |
||